000 00799nas a2200253Ia 4500
001 R412/38413
003 IT-RoPAU
008 151124c99999999xx |||||||||||| ||und||
040 _aIT-RoPAU
040 _cIT-RoPAU
041 _aITALIANO
100 _aPecori Franco
_gCodice Aut. SPICS: 2785
210 _aMUSICA JAZZ
222 _aMusica Jazz
245 _aMUSICA JAZZ (ANNO 35-N.12)-DICEMBRE 1979
_bUn Errore Da Non Ripetere
250 _a1a ed.
260 _aMILANO
_bMUSICA JAZZ
_c1979
501 _bPaulus - SPICS - Società San Paolo EM (non-commercial uses only)
_cCopyright2015
300 _a4 p. [3-6]
362 _aANNO 035, N.12)-DICEMBRE 1979
500 _aRiflessioni Sul Bop e Sugli Studiosi Europei del Jazz.
650 _aMUSICA
_vPUBBLICAZIONE PERIODICA
942 _cCR
999 _c161124
_d161124